Quelques réformes dans les écoles primaires / (Record no. 18940)

MARC details
000 -LEADER
fixed length control field 00579cam a22002051i 4500
001 - CONTROL NUMBER
control field e 10000276
003 - CONTROL NUMBER IDENTIFIER
control field DLC
005 - DATE AND TIME OF LATEST TRANSACTION
control field 20260227111152.0
008 - FIXED-LENGTH DATA ELEMENTS--GENERAL INFORMATION
fixed length control field 780417s1882 fr 000 0 fre c
010 ## - LIBRARY OF CONGRESS CONTROL NUMBER
LC control number e 10000276
035 ## - SYSTEM CONTROL NUMBER
System control number (OCoLC)3805741
040 ## - CATALOGING SOURCE
Original cataloging agency Library, U. S. Bur. of Education
Transcribing agency DNIE
Modifying agency DLC
042 ## - AUTHENTICATION CODE
Authentication code premarc
050 00 - LIBRARY OF CONGRESS CALL NUMBER
Classification number LA693
Item number .H3
100 1# - MAIN ENTRY--PERSONAL NAME
Personal name Hayem, Julien,
Dates associated with a name 1847-
245 10 - TITLE STATEMENT
Title Quelques réformes dans les écoles primaires /
Statement of responsibility, etc. Par Julien Hayem.
260 ## - PUBLICATION, DISTRIBUTION, ETC.
Place of publication, distribution, etc. Paris :
Name of publisher, distributor, etc. Hachette,
Date of publication, distribution, etc. 1882.
300 ## - PHYSICAL DESCRIPTION
Extent xi, 275, [1] p.
650 #0 - SUBJECT ADDED ENTRY--TOPICAL TERM
Topical term or geographic name entry element Education
Geographic subdivision France.

No items available.

Powered by Koha